Common and scientific names of aquatic invertebrates from the United States and Canada: mollusks
Αποθηκεύτηκε σε:
| Κύριοι συγγραφείς: | , , , , , , , , |
|---|---|
| Συγγραφή απο Οργανισμό/Αρχή: | |
| Άλλοι συγγραφείς: | |
| Μορφή: | Βιβλίο |
| Γλώσσα: | Αγγλικά |
| Έκδοση: |
Bethesda
American Fisheries Society
1988
|
| Σειρά: | Special Publication, 16
|
| Θέματα: | |
| Ετικέτες: |
Προσθήκη ετικέτας
Δεν υπάρχουν, Καταχωρήστε ετικέτα πρώτοι!
|
MARC
| LEADER | 00000nam a2200000 a 4500 | ||
|---|---|---|---|
| 001 | UCK3200 | ||
| 003 | CL-VaPUC | ||
| 008 | 050415e19880000US |||||||||||||||||eng|d | ||
| 020 | |a 0913235482 | ||
| 082 | 0 | 4 | |a 594.097 |b TUR |2 21 |
| 100 | 0 | |a Turgeon, Donna D |e author |9 491221 | |
| 700 | 0 | |a Bogan, Chair Arthur E |e author |9 491222 | |
| 700 | 0 | |a Coan, Eugene V |e author |9 491223 | |
| 700 | 0 | |a Emerson, William K |e author |9 491224 | |
| 700 | |a Lyons, William G. |e autor |9 491225 | ||
| 700 | 0 | |a Pratt, William L |e author |9 491226 | |
| 700 | 0 | |a Roper, Clyde F. E |e author |9 491227 | |
| 700 | 0 | |a Scheltema, Amelie |e author |9 491228 | |
| 700 | 0 | |a Thompson, Fred G |e author |9 491229 | |
| 700 | 0 | |a Williams, James D |e author |9 491230 | |
| 110 | 2 | |a American Fisheries Society |e author |9 491231 | |
| 245 | 1 | 0 | |a Common and scientific names of aquatic invertebrates from the United States and Canada: mollusks |
| 300 | |a 277 p | ||
| 942 | |c BK | ||
| 945 | |d 20050415 00:00:00 |a jcarroza | ||
| 260 | |a Bethesda |b American Fisheries Society |c 1988 | ||
| 650 | 0 | |a Moluscos |9 261245 | |
| 650 | 7 | |a MOLUSCOS IDENTIFICACION |2 CL-VaPUC |9 463862 | |
| 651 | 7 | |a AMERICA DEL NORTE |2 CL-VaPUC |9 311278 | |
| 583 | |a last modification |c 20130422 12:18:56 |k Rodrigo Vera | ||
| 490 | 0 | |a Special Publication, 16 | |
| 999 | |c 312464 |d 312462 | ||
| 952 | |0 0 |1 0 |4 0 |6 594_097000000000000_TUR_1988 |7 0 |8 CCM |9 382864 |a BIBCUR |b BIBCUR |d 2019-11-21 |i 4104021 |o 594.097 TUR 1988 |p 4104021 |r 2025-04-22 |w 2019-11-21 |y BK_X |k CIM | ||